LEADER 01169nam a2200265 u 4500 001 000000039192 003 CaOOAMICUS 005 20070226113948.0 008 980506s1975 fr b u000 u fre u 035 $a10793676 040 $aPUL(R)$bita 100 1 $aLuneau, René.$0(OLS)http://pul/name/29186 245 14$aLes chemins de la noce :$bla femme et le marriage dans la société rurale au Mali /$cRené Luneau. 260 $aLille :$b[s.n.],$c1975. 300 $a699 p., [4] c. di tav. :$bc. geogr. ;$c24 cm 502 $aDiss.--Université de Paris V, 1974. 504 $aBibliografia: p. 669-682. 650 4$aDonna$xCondizioni sociali e morali$zAfrica.$0(OLS)http://pul/subject/18140 650 4$aFamiglia$zAfrica.$0(OLS)http://pul/subject/18141 850 $aPUL 852 $aPUL$W1$xSL Diritto e Scienze Sociali 1$y4$m172 D 66$j53318$nBK-PRI$b $qStampati$B53318$CPULBib$Z2$F53318 $H $81 941 1 $a8 961 $aINV: 42693 996 $6245$aLes chemins de la noce :$bla femme et le marriage dans la société rurale au Mali$9(OLS)http://pul/title/53076 996 $6260$aLille :$b[s.n.]$9(OLS)http://pul/publisher/59028 LEADER 01426naa a2200289 u 4500 001 000000093034 003 CaOOAMICUS 005 20070226130131.0 008 960109n nyua u000 u ita u 035 $a10702967 040 $aISV$bita 245 00$aArte fiamminga e olandese /$ca cura e con introduzione del prof. A.M. Hammacher e del Dr. R. Hammacher Vandenbrande. 260 $aNew York ;$aMontreal :$bGrolier,$c[s.d.] 300 $a304 p. :$bill. (some col.) : ;$c25 cm 500 $aVol. 3 of Il Libro d'arte. 650 0$aArt, Flemish.$2//eng$0(OLS)http://pul/subject/29931 650 0$aArt$zNetherlands.$2//eng$0(OLS)http://pul/subject/29932 650 0$aArtists$zNetherlands$xBiography.$2//eng$0(OLS)http://pul/subject/29933 650 0$aArt, Dutch.$2//eng$0(OLS)http://pul/subject/29934 650 0$aArt, Belgian.$2//eng$0(OLS)http://pul/subject/29935 650 0$aArt$zBelgium.$2//eng$0(OLS)http://pul/subject/29936 650 0$aArtists$zBelgium$xBiography.$2//eng$0(OLS)http://pul/subject/29937 700 1 $aHammacher-Van den Brande, Renilde.$0(OLS)http://pul/name/59898 700 1 $aHammacher, Abraham Marie,$d1897-$0(OLS)http://pul/name/59897 773 0 $tIl libro d'arte : una enciclopedia illustrata di pittura, disegno e scultura$w()17993 996 $6245$aArte fiamminga e olandese$9(OLS)http://pul/title/119893 996 $6260$aNew York ;$aMontreal :$bGrolier$9(OLS)http://pul/publisher/79158